[Event "Canadian op U1600"]
[Site "Toronto"]
[Date "1983.07.16"]
[Round "9"]
[White "Hines, Vaughan"]
[Black "Carter, John1111"]
[Result "1-0"]
[WhiteElo "1265"]
[BlackElo "1555"]
[PlyCount "47"]
[EventDate "1983.07.09"]
[EventType "swiss"]
[EventRounds "10"]
[EventCountry "CAN"]
[SourceTitle "EXT 2022"]
[Source "ChessBase"]
[SourceDate "2021.10.06"]
[SourceVersion "1"]
[SourceVersionDate "2021.10.06"]
[SourceQuality "1"]

1. e4 c5 2. Nf3 d6 3. d4 cxd4 4. Nxd4 Nf6 5. Nc3 a6 6. Bc4 e6 7. Bb3 Be7 8. 0-0 0-0 9. f4 Nbd7 10. Be3 b5 11. Nc6 Qe8 12. e5 dxe5 13. fxe5 Bc5 14. Bxc5 Nxc5 15. exf6 Qxc6 16. Nd5 Qb7 17. Ne7+ Kh8 18. fxg7+ Kxg7 19. Qg4+ Kh8 20. Qd4+ f6 21. Rxf6 Kg7 22. Rf5+ Kh6 23. Qh4+ Kg7 24. Qg5+ 1-0